Les villes de la métropole européenne de Lille - Statistiques

Statistiques générales
  • Ce quiz a été pris 30 fois
  • Le résultat moyen est 28 sur 97
Statistiques - réponses
Nombre d'habitants Réponse % Correct
98 480 Roubaix
92%
/ Lille
88%
99 826 Tourcoing
88%
61 902 Villeneuve-d'Ascq
84%
/ Lomme
68%
39 319 Marcq-en-Barœul
68%
20 837 Croix
64%
25 588 Armentières
60%
22 387 La Madeleine
60%
23 153 Loos
60%
21 697 Mons-en-Barœul
60%
21 190 Wasquehal
56%
41 197 Wattrelos
56%
9 199 Lesquin
52%
8 629 Pérenchies
52%
15 572 Wattignies
52%
14 661 Haubourdin
48%
18 610 Hem
48%
13 104 Saint-André-lez-Lille
48%
10 821 Wambrechies
48%
27 868 Lambersart
44%
13 675 Roncq
44%
12 847 Comines
40%
20 934 Halluin
40%
19 061 Ronchin
40%
12 598 Seclin
40%
1 584 Anstaing
36%
9 944 Bondues
36%
9 628 Leers
36%
11 175 Marquette-lez-Lille
36%
4 845 Bousbecque
32%
/ Hellemmes
32%
1 818 Lannoy
32%
3 058 Lezennes
32%
8 307 Linselles
32%
13 942 Lys-lez-Lannoy
32%
10 194 Neuville-en-Ferrain
32%
5 714 Santes
32%
4 850 Sequedin
32%
5 044 Baisieux
28%
3 019 Chéreng
28%
18 280 Faches-Thumesnil
28%
3 278 Fretin
28%
13 210 Mouvaux
28%
2 665 Verlinghem
28%
10 787 Annœullin
24%
3 101 Emmerin
24%
7 966 Houplines
24%
6 603 La Bassée
24%
8 724 La Chapelle-d'Armentières
24%
7 045 Quesnoy-sur-Deûle
24%
5 647 Sainghin-en-Weppes
24%
7 793 Wavrin
24%
2 537 Capinghem
20%
1 868 Deûlémont
20%
624 Englos
20%
2 504 Frelinghien
20%
2 868 Sainghin-en-Mélantois
20%
3 563 Templemars
20%
5 373 Wervicq-Sud
20%
867 Beaucamps-Ligny
16%
1 374 Don
16%
1 520 Forest-sur-Marque
16%
1 281 Gruson
16%
3 344 Houplin-Ancoisne
16%
2 242 Lompret
16%
2 011 Marquillies
16%
2 124 Prémesques
16%
1 418 Radinghem-en-Weppes
16%
3 053 Willems
16%
760 Bouvines
12%
4 733 Hallennes-lez-Haubourdin
12%
2 387 Herlies
12%
1 652 Illies
12%
1 439 Tressin
12%
1 569 Vendeville
12%
240 Warneton
12%
3 593 Allennes-les-Marais
8%
1 726 Aubers
8%
5 088 Bauvin
8%
1 319 Ennetières-en-Weppes
8%
606 Erquinghem-le-Sec
8%
5 402 Erquinghem-Lys
8%
2 327 Fournes-en-Weppes
8%
867 Noyelles-lès-Seclin
8%
992 Péronne-en-Mélantois
8%
4 532 Provin
8%
3 006 Salomé
8%
3 945 Toufflers
8%
1 826 Bois-Grenier
4%
1 068 Carnin
4%
315 Escobecques
4%
1 079 Fromelles
4%
1 981 Sailly-lez-Lannoy
4%
540 Wicres
4%
1 281 Hantay
0%
649 Le Maisnil
0%
Aucun quiz correspondant
Distribution des résultats
% des personnes avec chaque résultat
Percentile par nombre de réponses
Votre historique - résultats
Vous n’avez pas pris ce quiz